000 00917cab a22002055a 4500
001 L143574
008 080520e20080516xxkad f 000 0 eng d
035 _a(Sirsi) u143574
041 0 _aeng
100 1 _aParsley, David
245 0 0 _aWhen your staff looks like this?
260 _c2008
490 _aBuilding
_v274(8529), 16 May 2008, 42-47(5)
520 _aPresents findings from the 2008 Hays Building Services Salary Guide, job level, sector and region. Finds that employers are still finding it hard to retain talented staff. Comments on the more unusual perks on offer. The top benefits that employees seek in order are: 25 day?s annual holiday, flexible working, a company pension, performance-based pay and training.
590 _aKA
650 2 4 _aHAYS BUILDING SERVICES SALARY GUIDE
651 4 _aUnited Kingdom
_y
690 _aMANAGEMENT-BUSINESS MANAGEMENT-HUMAN RESOURCE MANAGEMENT
942 _n0
999 _c80226
_d80226